Betriebstwirtschaftslehre und Versicherung

Saved in:
Bibliographic Details
Format: Book
Language:German
Published: Karlsruhe Versicherungswirtschaft 1989
Edition:1. Aufl.
Tags: Add Tag
No Tags, Be the first to tag this record!

MARC

LEADER 00000nam a2200000 4500
001 c033502
005 20221215124221.2
041 0 |a ger 
044 |a DE 
245 1 0 |a Betriebstwirtschaftslehre und Versicherung 
250 |a 1. Aufl. 
264 1 |a Karlsruhe  |b Versicherungswirtschaft  |c 1989 
300 |a 141 s.